| 000 | 00454nam a2200157 a 4500 | ||
|---|---|---|---|
| 001 | 4150 | ||
| 005 | 20140414132019.0 | ||
| 008 | 090512s19uu xx 00 eng d | ||
| 050 |
_aTR _bC34W 2006 |
||
| 100 | _aPrakash, Ved | ||
| 245 |
_aWhy fight / _cVed Prakash. |
||
| 260 |
_aKirti Nagar, New Delhi : _bDreamland Pub., _cc2006. |
||
| 300 | _a24 p. : col., ill. ; cm. | ||
| 440 | _aDreamland's Character-Building Stories for Children | ||
| 999 |
_c113426 _d113426 |
||